Biological concepts and techniques in toxicology : an integrated approach /

Bibliographic Details
Other Authors: Riviere, J. Edmond (Jim Edmond)
Format: Book
Language:English
Published: New York : Taylor & Francis, 2006.
Subjects:

MARC

Tag First Indicator Second Indicator Subfields
LEADER 00000pam a22000004a 4500
001 in00004501821
005 20191203131401.0
008 051101s2006 nyua b 001 0 eng
010 |a  2005056861 
016 7 |a 101261039  |2 DNLM 
016 7 |a 013370945  |2 Uk 
020 |a 082472979X (hardover : alk. paper) 
024 3 |a 9780824729790 
029 1 |a NLM  |b 101261039 
035 |a (OCoLC)ocm62302595 
035 |z (UtOrBLW)40145 
035 |a 57776 
040 |a DNLM/DLC  |c DLC  |d YDX  |d NLM  |d UKM  |d BAKER  |d TMV  |d UtOrBLW 
042 |a pcc 
049 |a TMVM  |c 1 
050 0 0 |a RA1191  |b .B52 2006 
060 1 0 |a QV 600  |b B6146 2006 
060 4 |a QV 600  |b B615 2006 
082 0 0 |a 615.9  |2 22 
245 0 0 |a Biological concepts and techniques in toxicology :  |b an integrated approach /  |c edited by Jim E. Riviere. 
264 1 |a New York :  |b Taylor & Francis,  |c 2006. 
300 |a xiii, 394 pages :  |b illustrations ;  |c 27 cm. 
336 |a text  |2 rdacontent  |b txt 
337 |a unmediated  |2 rdamedia 
338 |a volume  |2 rdacarrier  |b nc 
504 |a Includes bibliographical references and index. 
505 0 |a Toxicogenomics : gene expression analysis and computational tools -- Proteomics -- The potential of metabonomics in toxicology -- Quantitative structure-toxicity relationships using chemodescriptors and biodescriptors -- Hormesis : a key concept in toxicology -- Chemical risk assessment -- Toxicokinetics : fundamentals and applications in drug development and safety assessment -- Validation of in vitro methods for toxicology studies -- Chemical mixtures risk assessment and technological advances -- Risk-based approach to foods derived from genetically engineered animals -- Nontoxicology of nanomaterials -- The biological basis of experimental toxicity of jet propulsion fuel-8 -- Drug safety toxicology -- Statins and toxicity -- Inhalation toxicology -- Modern gas chromotography-mass spectrometry in human forensic toxicology 
650 0 |a Toxicology. 
650 0 |a Molecular toxicology. 
650 0 |a Drugs  |x Toxicology. 
650 2 |a Toxicology  |x methods. 
650 2 |a Drug-Related Side Effects and Adverse Reactions. 
700 1 |a Riviere, J. Edmond  |q (Jim Edmond) 
948 |a PO 10965 
999 |a MARS 
999 f f |s a8aa2963-0b44-37d5-9d9d-f5205d67df00  |i 389c1e50-c3b4-3e34-8f7c-2ed73ee29d69  |t 0 
952 f f |p ric  |a Texas A&M University  |b Rellis Campus  |c Joint Library Facility  |d Remote Storage  |t 0  |e QV 600 B615 2006  |h National Library of Medicine classification  |i unmediated -- volume  |m 3238901907649 
998 f f |a QV 600 B615 2006  |t 0  |l Remote Storage